000
00270nam a2200121Ia 4500
005
20260326100028.0
008
260326s9999||||xx |||||||||||||| ||und||
100
_a
Score
245
0
_a
Badani-Roux-Dorlut /
_c
Score
260
_b
Score
650
_a
ARQUITECTOS
942
_c
BK
999
_c
6493
_d
6493